Textbook of microbiology (Record no. 6808)

MARC details
000 -LEADER
fixed length control field 00440nam a2200169Ia 4500
008 - FIXED-LENGTH DATA ELEMENTS--GENERAL INFORMATION
fixed length control field 230917s9999||||xx |||||||||||||| ||und||
020 ## - ISBN
Price RS 4235.00
040 ## - CATALOGING SOURCE
-- 5014936
Original cataloging agency VIVEKANANDA LIBRARY
041 ## - Language
-- English
082 ## - DDC NUMBER
Classification number 576 S538T
100 ## - MAIN ENTRY--PERSONAL NAME
Personal name Sivaji, M
245 #0 - TITLE STATEMENT
Title Textbook of microbiology
260 ## - PUBLICATION, DISTRIBUTION, ETC. (IMPRINT)
Place of publication, distribution, etc Delhi
Name of publisher, distributor, etc Jaya Publishing House
Date of publication, distribution, etc 2022
300 ## - PHYSICAL DESCRIPTION
Pages 631 p.
500 ## - GENERAL NOTE
General note 4732 10/12/2022 NPH22/00337 23/12/2022 Main Budget
942 ## - ADDED ENTRY ELEMENTS (KOHA)
Koha item type Books
Holdings
Withdrawn status Lost status Damaged status Not for loan Location (home branch) Sublocation or collection (holding branch) Date acquired Koha issues (times borrowed) Koha full call number Accession No. Koha date last seen Koha item type
        VIVEKANANDA LIBRARY VIVEKANANDA LIBRARY 06/01/2023 2 576 S538T 405866 29/09/2025 Books
© Designed and Maintained by Vivekananda Library, MDU Rohtak